Novedades fiscales 2015

Detalles Bibliográficos
Autor Corporativo: AMADO Consultores
Formato: Libro
Lenguaje:español
Publicado: Barcelona AMADO Consultores 2016
Materias:
Acceso en línea:Acceso restringido

MARC

LEADER 00000nam a22000007a 4500
005 20160503150753.0
007 cr|||| ||u|
008 160503s2016 sp ||||| |||| 00||0 spa d
020 |a 978-84-943068-1-5 
035 |a 14188 
040 |a vLex  
090 |c 6051  |d 6051 
245 1 0 |a Novedades fiscales 2015  |h [Recurso electrn̤ico] /  |c AMADO Consultores 
256 |a Servicio en ln̕ea  
260 |a Barcelona   |b AMADO Consultores  |c  2016 
300 |a 1 recurso electrn̤ico (Especial reforma fiscal. 252 Pg̀inas9 
506 1 |a Contenido solo disponible en los productos indicados  |d vLex Global  |d vLex Global (Academic Edition, excluding Law Schools)  |d vLex Global (U.S. Academic Edition, Law Schools)  |d vLex Global (U.S. Academic Edition, excluding Law Schools)  |d vLex Global (Academic Edition, Law Schools) 
650 0 4 |a Derecho fiscal  |z Espaą 
710 0 |a AMADO Consultores  
740 0 |a vLex libros (servicio en ln̕ea)  
856 4 0 |u http://vlex.com/source/novedades-fiscales-2015-14188  |z Acceso restringido  
942 |c BOOK 
999 0 |a Taxation  |b Barcelona